000 00478nam a2200181Ia 4500
005 20250508160949.0
008 008 250505s9999 xx 000 0 hin d
037 _aTextual
040 _aFEDL
_beng
_cFEDL
041 _ahin
_2eng
084 _a370954, AGN
_qFEDL
100 _aAganihotari
_9761767
245 0 _aBhartiya shiksha ki vartaman samasayin
300 _a324p.
650 _aEducation
942 _cTEXL
_h370954, AGN
999 _c1367646
_d1367646